000 00424nam a2200181Ia 4500
008 240510s9999 xx 000 0 und d
041 _aEng
082 _a005.117
082 _bB56
100 _a(BY BORLAND)
245 0 _aBorland C++ 3.0 : Library Reference
260 _bScotts Valley CA : Borland
260 _c1991
300 _a654 p.
650 _aC++ : PROGRAMMING LANGUAGES
942 _2ddc
942 _cRBK
999 _c23969
_d23969
945 _a1
_bMadushi Gamage
_c1
_dMadushi Gamage